F1 Trivia: 100 Race Starts - Statistics

General Stats
  • This quiz has been taken 71 times
  • The average score is 7 of 20
Answers on the Grid
Answers color-coded by a green-red scale on the quiz's grid according to % correct below.
Elio de Angelis
Juan Manuel Fangio
Carlos Sainz
Pierre Gasly
James Hunt
Bruce McLaren
Robert Kubica
Gilles Villeneuve
Jacques Villeneuve
Lance Stroll
Romain Grosjean
Antonio Giovinazzi
Jos Verstappen
Daniil Kvyat
Jean-Eric Vergne
Emerson Fittipaldi
Juan Pablo Montoya
Marcus Ericsson
Gerhard Berger
Brendon Hartley
Martin Brundle
Esteban Ocon
Giuseppe Farina
Kamui Kobayashi
Yuji Ide
Mick Schumacher
Felipe Massa
Denny Hulme
Jody Scheckter
Olivier Panis
Jochen Rindt
Damon Hill
Graham Hill
Scott Speed
Eddie Irvine
 
Answer Stats
Answer % Correct
Carlos Sainz
71%
Pierre Gasly
67%
Esteban Ocon
58%
Lance Stroll
58%
Felipe Massa
54%
Damon Hill
42%
Romain Grosjean
38%
Eddie Irvine
33%
Jacques Villeneuve
33%
Elio de Angelis
29%
Daniil Kvyat
25%
Emerson Fittipaldi
25%
Graham Hill
25%
Olivier Panis
25%
Gerhard Berger
21%
Bruce McLaren
17%
Jody Scheckter
17%
Denny Hulme
13%
Jos Verstappen
13%
Martin Brundle
13%
No matching quizzes found
Score Distribution
Percent of People with Each Score
Percentile by Number Answered
Your Score History
You have not taken this quiz